Cultures générales - 1ère bouture - Statistiques

Statistiques générales
  • Ce quiz a été pris 216 fois
  • Le résultat moyen est 4 sur 15
Statistiques - réponses
Hint Réponse % Correct
Qui est le messager des Dieux dans la mythologie grecque ? Hermes
64%
Quel ancien James Bond a participé au concours de Mister Univers (1950) ? Sean Connery
60%
Dans quel état trouve-t-on Détroit ? Michigan
52%
Dans quelle ville est David de Michel-Ange ? Florence
47%
Qui a chanté "tu veux mon zizi ?" Francky Vincent
43%
Quelle est la capitale de la Barbade ? Bridgetown
29%
Sur le drapeau de quel pays peut-on voir un fusil ? Guatemala ou Mozambique
29%
Dans quel domaine s'est particulièrement bien illustré Jean-Philippe GATIEN ? Le tennis de table
29%
Qu'est-ce que le Sterne pierregarin ? Un oiseau
28%
Vert + bleu = ? Cyan
21%
Dans quel album d'Astérix les sesterces sentent-ils la soupe à l'oignon ? Astérix et le chaudron
17%
Chico, Groucho, Zeppo, Gummo et ? Harpo
13%
Quelle est la marque de la voiture K2000 ? Pontiac Firebird
5%
Qui est le frère jumeau de Gargamel ? Gourmelin
3%
Dans une cuisine, qu'est-ce qu'un gendarme (outil) ? Un tire-bouchon
3%
Aucun quiz correspondant
Distribution des résultats
% des personnes avec chaque résultat
Percentile par nombre de réponses
Votre historique - résultats
Vous n’avez pas pris ce quiz